Salvia Biotechnology

The genus Salvia represents nearly 1,000 species that are widely distributed around the world. It is the largest in the Lamiaceae family. Traditionally, infusions of Salvia species have been widely used to treat oral inflammation, throat and headaches, and digestive disturbances in various folklore-...

Full description

Bibliographic Details
Corporate Author: SpringerLink (Online service)
Other Authors: Georgiev, Vasil (Editor, http://id.loc.gov/vocabulary/relators/edt), Pavlov, Atanas (Editor, http://id.loc.gov/vocabulary/relators/edt)
Format: Electronic eBook
Language:English
Published: Cham : Springer International Publishing : Imprint: Springer, 2017.
Edition:1st ed. 2017.
Subjects:
Online Access:Full Text via HEAL-Link
LEADER 05810nam a2200469 4500
001 978-3-319-73900-7
003 DE-He213
005 20191220130536.0
007 cr nn 008mamaa
008 180319s2017 gw | s |||| 0|eng d
020 |a 9783319739007  |9 978-3-319-73900-7 
024 7 |a 10.1007/978-3-319-73900-7  |2 doi 
040 |d GrThAP 
050 4 |a R856-R857 
072 7 |a MQW  |2 bicssc 
072 7 |a MED003040  |2 bisacsh 
072 7 |a MQW  |2 thema 
082 0 4 |a 610.28  |2 23 
245 1 0 |a Salvia Biotechnology  |h [electronic resource] /  |c edited by Vasil Georgiev, Atanas Pavlov. 
250 |a 1st ed. 2017. 
264 1 |a Cham :  |b Springer International Publishing :  |b Imprint: Springer,  |c 2017. 
300 |a XII, 427 p. 35 illus., 18 illus. in color.  |b online resource. 
336 |a text  |b txt  |2 rdacontent 
337 |a computer  |b c  |2 rdamedia 
338 |a online resource  |b cr  |2 rdacarrier 
347 |a text file  |b PDF  |2 rda 
505 0 |a Salvia spp: An updated on antioxidant activity and pharmacological uses -- European species of genus Salvia: secondary metabolites, pharmacological properties and biological activity -- Chia - Tiny, but mighty -- Composition of volatile compounds in Salvia sp., grown in Bulgaria and their biological activities -- Screening of Salvia leaves surface microflora for lactobacteria with potential application in development of new high-quality functional dairy products.-  Anticancer activity of Salvia miltiorrhiza -- Salvia divinorum a psychoactive plant with pharmacological potential -- Bioactive Constituents of Anatolian Salvia Species -- Salvia cell culture: a terrific factory of bioactive compounds -- Optimization of the production of rosmarinic acid in Salvia officinalis and Salvia dolomitica cell biomass with several biotechnological approaches -- Bioactivities of differentiated Salvia in vitro cultures.- Micropropagation of African Salvia species -- Molecular Markers in Salvia: Past, Present and Future -- Genetic engineering and manipulation of metabolite pathways in Salvia plants"- under correspondence. 
520 |a The genus Salvia represents nearly 1,000 species that are widely distributed around the world. It is the largest in the Lamiaceae family. Traditionally, infusions of Salvia species have been widely used to treat oral inflammation, throat and headaches, and digestive disturbances in various folklore- and ethno-medicine practices worldwide. The antispasmodic, antiseptic and hypoglycemic effects of their extracts have been recognized by the ancient healers a long time ago before the development of modern medicine. With the advances in phytochemistry and pharmacology, terpenes, polyphenols and volatile compounds have been recognized as the source of bioactivity in Salvia extracts. Nowadays, because of their valuable pharmaceutical and nutraceutical properties, many Salvia species have been widely used as ingredients in food, pharmacy and cosmetic industries. The economic importance of Salvia plants continues to increase, following closely the growing interest to the concept for modern healthy lifestyle, based on prevention by consuming quality foods and nutraceutical supplements of natural origin. However, the growing demand has led to overexploitation of natural habitats and in the last few years many wild growing Salvia species have shrunk or fallen under threat. Obviously, to deal with that problem and to prevent ecological crisis, there is an urgent need for alternative, renewable sources of Salvia biomass. Plant biotechnology can provide a wide range of tools for development of economically feasible continuous production of standardized valuable phytochemicals. Plant in vitro culture technology is a powerful method for continuous production of plant secondary metabolites under controlled conditions, recently adapted to various Salvia species. Salvia in vitro systems are harmless to natural plant populations and can be grown independently of environmental factors, geographical latitude, climatic change, and seasonal variations. Several bioactive metabolites from rare and endangered Salvia plants can be produced by employing different plant in vitrosystems. However, the researches on development of large scale biotechnology, based on Salvia in vitro systems, are still in early stages and many points still have to be addressed before the commercialization to take place. In this book we intend to summarize the recent achievements in research with Salvia in vitro systems as biological matrixes for the production of pharmaceutically important secondary metabolites. Further we invited leading experts to present their recent studies on phytochemistry, ethnobotanical and ethnophamacological aspects of genus Salvia. Safety and legal issues related to implementation of Salvia plants and in vitro cultures extracts in foods, cosmetics and pharmaceutical products will be discussed as well. 
650 0 |a Biomedical engineering. 
650 0 |a Plant breeding. 
650 1 4 |a Biomedical Engineering/Biotechnology.  |0 http://scigraph.springernature.com/things/product-market-codes/B24000 
650 2 4 |a Plant Breeding/Biotechnology.  |0 http://scigraph.springernature.com/things/product-market-codes/L24060 
700 1 |a Georgiev, Vasil.  |e editor.  |4 edt  |4 http://id.loc.gov/vocabulary/relators/edt 
700 1 |a Pavlov, Atanas.  |e editor.  |4 edt  |4 http://id.loc.gov/vocabulary/relators/edt 
710 2 |a SpringerLink (Online service) 
773 0 |t Springer eBooks 
776 0 8 |i Printed edition:  |z 9783319738994 
776 0 8 |i Printed edition:  |z 9783319739014 
776 0 8 |i Printed edition:  |z 9783030088811 
856 4 0 |u https://doi.org/10.1007/978-3-319-73900-7  |z Full Text via HEAL-Link 
912 |a ZDB-2-SBL 
950 |a Biomedical and Life Sciences (Springer-11642)